Italian valtakunnan valtiot - Statistics

Yleistilastot
  • Tätä visaa on pelattu 634 kertaa
  • Keskiarvotulos 12 / 18
Vastaustilastot
Asema % Valtio % Oikein
Miehitetty 2. maailmansodassa 60 Kreikka
88%
Miehitetty 2. maailmansodassa 57 Slovenia
83%
Miehitetty 2. maailmansodassa 54 Kroatia
82%
Miehitetty 2. maailmansodassa 11 Ranska
82%
Miehitetty 2. maailmansodassa 100 Albania
80%
Siirtomaa 100 Libya
77%
Miehitetty 2. maailmansodassa 54 Bosnia ja Hertsegovina
76%
Miehitetty 2. maailmansodassa 44 Egypti
76%
Miehitetty 2. maailmansodassa 100 Tunisia
73%
Miehitetty 2. maailmansodassa 99 Montenegro
72%
Siirtomaa 100 Etiopia
66%
Miehitetty 2. maailmansodassa 50 Pohjois-Makedonia
66%
Miehitetty 2. maailmansodassa, siirtomaa 33 Somalia
63%
Siirtomaa 100 Eritrea
62%
Miehitetty 2. maailmansodassa 9 Sudan
58%
Miehitetty 2. maailmansodassa 18 Kenia
52%
Miehitetty 2. maailmansodassa 20 Etelä-Sudan
47%
Siirtomaa < 1 Kiina
17%
Ehtoja vastaavia visoja ei löytynyt
Tulosjakauma
Jokaisen tuloksen saaneiden osuus
Persentiili vastausten määrän mukaan
Tuloshistoriasi
Et ole pelannut tätä visaa